000 00650nam a2200217Ii 4500
001 14281
003 CO-ViMGA
008 241108s9999||||xx |||||||||||||| ||und||
020 _a9588200148
040 _aCO-ViMGA
_bspa
_erda
_cCO-ViMGA
041 0 _aspa
082 0 4 _a346.1 P67d
100 1 _aDaniel Posse Velásquez
_945920
245 1 0 _aDerecho civil personas
264 1 _aBogotá, Colombia : Fondo de Publicaciones Universidad Sergio Arboleda, 2005
300 _avolumen
336 _atext
_btxt
_2rdacontent
337 _aunmediated
_bn
_2rdamedia
338 _avolume
_bnc
_2rdacarrier
940 _aidficha_siabuc: 13978. -- ficha_no_siabuc:14281
999 _c40461
_d40461